000 01098 a2200217 4500
005 20080903123937.0
008 080903t xxu||||| |||| 00| 0 hin d
010 _aHIN-78923
020 _a60.00
_c819023725x
035 _aHN-51269
037 _bD.B.Act / pub
082 _a551.514
100 _aचोपड़ा, विवेक
245 _aवायुमण्डल से ओजोन परत पर प्रभाव
_cविवेक चोपड़ा
246 _aVayumandal se ojon parat par prabhav
_bby Vivek Chopra
260 _aबीकानेर
_bहिन्दी पुस्तक सदन
_c2004
270 _aजोशीबाड़ा,कोटगेट
_bबीकानेर
300 _a38पृ
_bसचित्र
_c22सेमी (सजिल्द)
942 _adpl
_cHN
_k551.514 / चोपड़ा
_2ddc
_h551.514
_m चोपड़ा
999 _c1003
_d1003